León medieval (Record no. 46729)

MARC details
000 -LEADER
campo de control de longitud fija 00774nam a2200181 i 4500
001 - NÚMERO DE CONTROL
campo de control 46729
003 - IDENTIFICADOR DE NÚMERO DE CONTROL
campo de control ES-MaACL
005 - FECHA Y HORA DE LA ÚLTIMA TRANSACCIÓN
campo de control 20230906161434.0
007 - CAMPO FIJO DE DESCRIPCIÓN FÍSICA--INFORMACIÓN GENERAL
campo de control de longitud fija t|
008 - DATOS DE LONGITUD FIJA--INFORMACIÓN GENERAL
campo de control de longitud fija 030331s1978 sp ||||1| spa d
111 2# - ENTRADA PRINCIPAL--NOMBRE DE CONGRESO/REUNIÓN
Nombre de congreso/reunión o jurisdicción como elemento de entrada Congreso Luso-Español para el Progreso de las Ciencias (
Número del congreso/reunión o número de parte o sección 32º.
Fecha de publicación/de la obra 1977 (
Sede del congreso/Lugar de la reunión León)
9 (RLIN) 141892
245 10 - MENCIÓN DEL TÍTULO
Título León medieval
Resto del título : doce estudios : Ponencias y comunicaciones... /
Mención de responsabilidad, etc. XXXII Congreso de la Asociación Luso-Española para el Progreso de las Ciencias.
260 ## - PUBLICACIÓN, DISTRIBUCIÓN, ETC.
Lugar de publicación, distribución, etc. Léon :
Nombre del editor, distribuidor, etc. Colegio Universitario,
Fecha de publicación, distribución, etc. 1978.
300 ## - DESCRIPCIÓN FÍSICA
Extensión 241 p., 3 lám. :
Otras características físicas 6 map. ;
Dimensiones 22 cm.
651 #4 - PUNTO DE ACCESO ADICIONAL DE MATERIA--NOMBRE GEOGRÁFICO
Nombre geográfico León (Reino)-
Subdivisión general Historia.
9 (RLIN) 8916
710 2# - ENTRADA AGREGADA--NOMBRE DE ENTIDAD CORPORATIVA
Nombre de entidad corporativa o nombre de jurisdicción como elemento de entrada Asociación Luso-Española para el Progreso de las Ciencias.
Unidad subordinada Congreso (
Número del congreso/reunión o número de parte o sección 32º.
Fecha del congreso o de la firma del tratado 1977.
Sede del congreso/Lugar de la reunión León)
9 (RLIN) 315
852 4# - LOCALIZACIÓN
Ubicación ES-MaACL
Número de control de estantería A-9734
Holdings
Estatus retirado Estado de pérdida Estado de daño No para préstamo Biblioteca de origen Biblioteca actual Ubicación en estantería Fecha de adquisición Fuente de adquisición Total de préstamos Signatura topográfica completa Código de barras Visto por última vez Precio de reemplazo Tipo de ítem Koha
        Biblioteca del Ateneo de Madrid Biblioteca del Ateneo de Madrid Depósito 1 17/01/2008     A-9734 1049148 23/02/2023 23/02/2023 Libro impreso